000 01717cam a2200133 4500500
005 20251214005228.0
041 _afre
042 _adc
100 1 0 _aLahire, Bernard
_eauthor
245 0 0 _aPortraits sociologiques : Dispositions et variations individuelles
260 _bArmand Colin,
_c2005.
520 _anouvelle présentation Chaque individu est le « dépositaire » de manières de penser, de sentir et d'agir qui sont les produits de ses multiples expériences socialisatrices. Modelés par un monde social que nous façonnons en retour, nous ne lui échappons d'aucune façon. C'est ce que cet ouvrage met en évidence à travers huit portraits sociologiques de personnes longuement interviewées, à plusieurs reprises, sur des thèmes très différents : l'école, la famille, le travail, les amis, les loisirs et les activités culturelles, le sport, l'alimentation, la santé, l'habillement... Le lecteur découvre ainsi des femmes et des hommes dans leurs constances et leurs variations et comprend mieux les raisons de leurs actions. Renoncer à l'idée d'une « subjectivité » absolue, au mythe de « l'intériorité », du libre-arbitre ou de l'existence « personnelle » hors de toute influence sociale, pour faire apparaître les forces et contre-forces, internes (dispositionnelles) comme externes (contextuelles), auxquelles nous sommes soumis depuis notre naissance et qui déterminent nos comportements et nos attitudes, voilà à quoi nous invite la sociologie de Bernard Lahire. Elle peut nous aider à progresser dans la connaissance de soi et des autres.
856 4 1 _uhttps://shs.cairn.info/portraits-sociologiques--9782200343309?lang=fr&redirect-ssocas=7080
999 _c1568735
_d1568735